Controlling verzus kontrolovanie

Teoretické spracovanie problematiky vnímania kontroly, kontrolovania a controllingu prostredníctvom komparácie definícií od rôznych zahraničných a domácich autorov. Teoretická báza poznatkov danej problematiky. Vznik pojmu kontrola. Ponímanie kontroly prostredníctvom anglo-americkej anemeckej školy.

Gespeichert in:
Bibliographische Detailangaben
1. Verfasser: Mišún, Juraj, 1978-
Weitere Verfasser: Dědečková, Nina, 1994-
Format: Buchkapitel
Sprache:Slowakisch
Schlagworte:
Tags: Tag hinzufügen
Keine Tags, Fügen Sie das erste Tag hinzu!

MARC

LEADER 00000naa a2200000 4500
001 0263473
005 20240502074203.0
041 0 |a slo 
044 |a SK 
245 1 0 |a Controlling verzus kontrolovanie  |c Juraj Mišún, Nina Dědečková 
520 |a Teoretické spracovanie problematiky vnímania kontroly, kontrolovania a controllingu prostredníctvom komparácie definícií od rôznych zahraničných a domácich autorov. Teoretická báza poznatkov danej problematiky. Vznik pojmu kontrola. Ponímanie kontroly prostredníctvom anglo-americkej anemeckej školy. 
610 2 0 |a kontrola 
610 2 0 |a kontroling 
610 2 0 |a controller 
610 2 0 |a manažment 
610 2 0 |a podnik 
100 1 |a Mišún, Juraj, 1978- 
700 1 |a Dědečková, Nina, 1994-